Central Library OPAC University of Rajshahi

বঙ্গসাহিত্যে বিজ্ঞান : (Record no. 71441)

MARC details
000 -LEADER
fixed length control field 01047nam a2200217 a 4500
001 - CONTROL NUMBER
control field 71441
003 - CONTROL NUMBER IDENTIFIER
rucl marc code BD-RjUL
005 - DATE AND TIME OF LATEST TRANSACTION
control field 20211209082119.0
008 - FIXED-LENGTH DATA ELEMENTS--GENERAL INFORMATION
fixed length control field 170503s1981 ii ||||| |||| 00| 0 ben d
035 ## - SYSTEM CONTROL NUMBER
System control number (BD-RjUL)71657
040 ## - CATALOGING SOURCE
Original cataloging agency BD-RjUL
Language of cataloging ben
Transcribing agency BD-RjUL
Modifying agency BD-RjUL
041 ## - LANGUAGE CODE
Language code of text/sound track or separate title ben
082 ## - DEWEY DECIMAL CLASSIFICATION NUMBER
Edition number 23
Classification number 891.4409
Author mark and year BHB 1981
100 10 - MAIN ENTRY--PERSONAL NAME
Personal name ভট্টাচার্য, বুদ্ধদেব
9 (RLIN) 211372
245 10 - TITLE STATEMENT
Title বঙ্গসাহিত্যে বিজ্ঞান :
Remainder of title বাংলা ভাষা ও সাহিত্যে বিজ্ঞান চর্চার ইতিহাস /
Statement of responsibility, etc. বুদ্ধদেব ভট্টাচার্য
260 ## - PUBLICATION, DISTRIBUTION, ETC. (IMPRINT)
Place of publication, distribution, etc. কলিকাতা :
Name of publisher, distributor, etc. পশ্চিমবঙ্গ রাজ্য পুস্তক পর্ষদ,
Date of publication, distribution, etc. ১৯৮১
300 ## - PHYSICAL DESCRIPTION
Pagination ৫০৬ পৃ. ;
Size ২২ সেমি.
650 ## - SUBJECT ADDED ENTRY--TOPICAL TERM
Topical term or geographic name as entry element বাংলা সাহিত্য
General subdivision ইতিহাস ও সমালোচনা
9 (RLIN) 211373
Topical term or geographic name as entry element Bengali literature
General subdivision history and criticism
9 (RLIN) 211374
942 ## - ADDED ENTRY ELEMENTS (KOHA)
Source of classification or shelving scheme Dewey Decimal Classification
Koha item type Books
Holdings
Lost status Source of classification or shelving scheme Damaged status Not for loan Collection code Permanent Location Current Location Shelving location Date acquired Source of acquisition Cost, normal purchase price Total Checkouts Full call number Date last seen Copy number Koha item type
  Dewey Decimal Classification   Not For Loan Non-fiction Central Library, University of Rajshahi Central Library, University of Rajshahi Reading Room 06/04/1982 India international, calcutta 15.00   B 891.4409 BHB 1981 03/05/2017 C-1 Books